[Event "Ricany op-A"]
[Site "Ricany"]
[Date "2008.08.24"]
[Round "3"]
[White "Vitous, Milan"]
[Black "Tejkal, Jiri"]
[Result "1/2-1/2"]
[WhiteElo "1910"]
[BlackElo "2015"]
[PlyCount "34"]
[EventDate "2008.08.23"]
[EventType "swiss"]
[EventRounds "9"]
[EventCountry "CZE"]
[SourceTitle "CBM 126 Extra"]
[Source "ChessBase"]
[SourceDate "2008.11.05"]
[SourceVersion "1"]
[SourceVersionDate "2008.11.05"]
[SourceQuality "1"]

1. d4 Nf6 2. Nf3 g6 3. c4 Bg7 4. Nc3 0-0 5. g3 d6 6. Bg2 Nc6 7. 0-0 a6 8. e4 Rb8 9. Qe2 Bg4 10. Be3 Nd7 11. Qd2 e5 12. d5 Ne7 13. Ne1 Nb6 14. b3 Bc8 15. Nd3 f5 16. Rac1 Nd7 17. f4 b6 1/2-1/2